Talk and grow rich : how to create wealth without capital
| Main Author: | |
|---|---|
| Format: | Book |
| Published: |
Northamptonshire :
Thorsons Publications ,
1989
|
| Subjects: |
MARC
| LEADER | 00000cam a2200000 7i4500 | ||
|---|---|---|---|
| 001 | 0000003794 | ||
| 002 | 000004091 | ||
| 005 | 20091006.0 | ||
| 020 | |a 0722519559 | ||
| 090 | 0 | 0 | |a 658.85 |b HOL |
| 100 | 1 | |a Holland, Ron | |
| 245 | 1 | 0 | |a Talk and grow rich : |b how to create wealth without capital |c Ron Holland |
| 260 | |a Northamptonshire : |b Thorsons Publications , |c 1989 | ||
| 300 | |a 264p. ; |c 20cm. | ||
| 650 | 0 | 0 | |a Salesmanship |x Handbooks, manuals, etc. |
| 999 | |a 037018 |b BUKU |c PINJAMAN |e PERPUSTAKAAN KOMUNITI PETALING JAYA | ||